[Event "EU-ch 21st"]
[Site "Reykjavik"]
[Date "2021.09.01"]
[Round "7"]
[White "Koellner, Aaron Noah"]
[Black "Maggason, Oskar"]
[Result "1-0"]
[WhiteElo "2248"]
[BlackElo "1783"]
[PlyCount "69"]
[EventDate "2021.08.26"]
[EventType "swiss"]
[EventRounds "11"]
[EventCountry "ISL"]
[SourceTitle "CBM 204"]
[Source "ChessBase"]
[SourceDate "2021.10.31"]
[SourceVersion "1"]
[SourceVersionDate "2021.10.31"]
[SourceQuality "1"]

1. d4 Nf6 2. Bg5 d5 3. e3 e6 4. Nd2 c6 5. Bd3 Bd6 6. f4 h6 7. Bh4 g5 8. fxg5 hxg5 9. Bxg5 Rxh2 10. Rxh2 Bxh2 11. Qf3 Nbd7 12. 0-0-0 e5 13. Rf1 e4 14. Bxe4 Bxg1 15. Rxg1 dxe4 16. Nxe4 Qe7 17. Nxf6+ Nxf6 18. Bxf6 Bg4 19. Bxe7 Bxf3 20. gxf3 Kxe7 21. Kd2 Rh8 22. Rg2 b5 23. c3 Rh3 24. Ke2 Rh1 25. b3 Ra1 26. Kd3 Rd1+ 27. Rd2 Rf1 28. f4 a5 29. c4 f5 30. cxb5 cxb5 31. Rc2 Rd1+ 32. Ke2 Ra1 33. Rc5 Rxa2+ 34. Kf3 Rb2 35. Rxb5 1-0

[Event "EU-ch 21st"]
[Site "Reykjavik"]
[Date "2021.08.31"]
[Round "6"]
[White "Maggason, Oskar"]
[Black "Gade, Jens"]
[Result "1-0"]
[WhiteElo "1783"]
[BlackElo "1487"]
[PlyCount "123"]
[EventDate "2021.08.26"]
[EventType "swiss"]
[EventRounds "11"]
[EventCountry "ISL"]
[SourceTitle "CBM 204"]
[Source "ChessBase"]
[SourceDate "2021.10.31"]
[SourceVersion "1"]
[SourceVersionDate "2021.10.31"]
[SourceQuality "1"]

1. e4 e5 2. d4 exd4 3. c3 d6 4. cxd4 Nf6 5. Nc3 Be7 6. f4 0-0 7. Nf3 Bg4 8. h3 Bxf3 9. Qxf3 Nc6 10. Be3 Nd7 11. Rc1 Re8 12. Bb5 a6 13. Ba4 Nb6 14. Bb3 Na5 15. Bc2 Nac4 16. b3 Nxe3 17. Qxe3 Bh4+ 18. g3 Be7 19. 0-0 Qd7 20. Kg2 Rac8 21. Bd1 Qd8 22. Bg4 Rb8 23. a4 c6 24. e5 dxe5 25. dxe5 Nd5 26. Nxd5 Qxd5+ 27. Kh2 Qa5 28. Rcd1 Rbd8 29. Bd7 Bc5 30. Qe4 Re7 31. e6 f6 32. Rd3 Bb6 33. f5 Bc7 34. Rfd1 Qe5 35. Qf3 Qb2+ 36. R3d2 Qe5 37. Rd3 Qb2+ 38. R1d2 Qa1 39. Bxc6 Rxd3 40. Qxd3 h6 41. Bf3 Bb6 42. Rd1 Qb2+ 43. Kh1 Qf2 44. Bh5 g5 45. b4 Bc7 46. Rg1 Bb6 47. Rg2 Qe1+ 48. Kh2 Qxb4 49. Bd1 a5 50. Qf3 Rh7 51. Qh5 Qe7 52. Rd2 Qf8 53. Qg6+ Kh8 54. Bh5 Re7 55. Rc2 Rc7 56. Rd2 Re7 57. Be2 Qg7 58. Qh5 Bc5 59. Qf3 Bb4 60. Rd8+ Kh7 61. Qd5 b6 62. Bh5 1-0

[Event "EU-ch 21st"]
[Site "Reykjavik"]
[Date "2021.08.28"]
[Round "3"]
[White "Hallmundarson, Birkir"]
[Black "Maggason, Oskar"]
[Result "0-1"]
[WhiteElo "1095"]
[BlackElo "1783"]
[PlyCount "34"]
[EventDate "2021.08.26"]
[EventType "swiss"]
[EventRounds "11"]
[EventCountry "ISL"]
[SourceTitle "CBM 204"]
[Source "ChessBase"]
[SourceDate "2021.10.31"]
[SourceVersion "1"]
[SourceVersionDate "2021.10.31"]
[SourceQuality "1"]

1. Nf3 d5 2. c4 e6 3. cxd5 exd5 4. e3 Nf6 5. d4 Bd6 6. b3 0-0 7. Na3 c6 8. Nc2 Bg4 9. h3 Bh5 10. Bd3 Ne4 11. Ba3 Bxa3 12. Nxa3 Qa5+ 13. Ke2 Nc3+ 14. Kf1 Nxd1 15. Nc2 Bxf3 16. gxf3 Qd2 17. Kg2 Qxf2# 0-1

[Event "Reykjavik ISL-ch op"]
[Site "Reykjavik"]
[Date "2020.08.29"]
[Round "8"]
[White "Maggason, Oskar"]
[Black "Jonsson, Olafur Gisli"]
[Result "0-1"]
[WhiteElo "1826"]
[BlackElo "1794"]
[PlyCount "52"]
[EventDate "2020.08.22"]
[EventType "swiss"]
[EventRounds "9"]
[EventCountry "ISL"]
[SourceTitle "CBM 198 Extra"]
[Source "ChessBase"]
[SourceDate "2020.11.30"]
[SourceVersion "1"]
[SourceVersionDate "2020.11.30"]
[SourceQuality "1"]

1. d4 d5 2. c4 c6 3. Nf3 Nf6 4. Nc3 e6 5. e3 Nbd7 6. Bd3 Bd6 7. e4 dxe4 8. Nxe4 Nxe4 9. Bxe4 0-0 10. 0-0 Qe7 11. Re1 h6 12. Bd2 Nf6 13. Bd3 b6 14. Ne5 Bb7 15. Ng4 Nxg4 16. Qxg4 f5 17. Qe2 Rae8 18. f4 Qh4 19. g3 Qd8 20. b4 c5 21. dxc5 bxc5 22. b5 e5 23. Qh5 Bc7 24. Re3 exf4 25. Rxe8 Rxe8 26. Qxf5 Qd4+ 0-1

[Event "Reykjavik ISL-ch op"]
[Site "Reykjavik"]
[Date "2020.08.25"]
[Round "4"]
[White "Maggason, Oskar"]
[Black "Heidarsson, Mikael Bjarki"]
[Result "1-0"]
[WhiteElo "1826"]
[BlackElo "1208"]
[PlyCount "62"]
[EventDate "2020.08.22"]
[EventType "swiss"]
[EventRounds "9"]
[EventCountry "ISL"]
[SourceTitle "CBM 198 Extra"]
[Source "ChessBase"]
[SourceDate "2020.11.30"]
[SourceVersion "1"]
[SourceVersionDate "2020.11.30"]
[SourceQuality "1"]

1. d4 Nf6 2. c4 g6 3. Nc3 d5 4. cxd5 Nxd5 5. e4 Nxc3 6. bxc3 Bg7 7. Bc4 0-0 8. Ne2 e5 9. Bb2 exd4 10. cxd4 c5 11. 0-0 Nc6 12. Bd5 Qb6 13. Rb1 cxd4 14. Ba3 Qd8 15. Bxf8 Kxf8 16. Qb3 Qg5 17. Rbc1 Qf6 18. f4 h5 19. e5 Qe7 20. Bxc6 bxc6 21. Rxc6 Be6 22. Qd3 Bxa2 23. Rfc1 Qd7 24. Qa3+ Ke8 25. Qxa2 d3 26. Rd6 Qb5 27. Nd4 Qb4 28. Qd5 Rb8 29. Rd7 Qf8 30. Nc6 d2 31. Rd8+ Rxd8 1-0

[Event "Reykjavik ISL-ch op"]
[Site "Reykjavik"]
[Date "2020.08.22"]
[Round "1"]
[White "Maggason, Oskar"]
[Black "Kjartansson, Arnar Logi"]
[Result "0-1"]
[WhiteElo "1826"]
[BlackElo "1161"]
[PlyCount "42"]
[EventDate "2020.08.22"]
[EventType "swiss"]
[EventRounds "9"]
[EventCountry "ISL"]
[SourceTitle "CBM 198 Extra"]
[Source "ChessBase"]
[SourceDate "2020.11.30"]
[SourceVersion "1"]
[SourceVersionDate "2020.11.30"]
[SourceQuality "1"]

1. e4 e6 2. d4 d5 3. exd5 exd5 4. Nf3 Nf6 5. c4 c5 6. Nc3 Be6 7. Ng5 Nc6 8. Nxe6 fxe6 9. dxc5 Bxc5 10. Bg5 0-0 11. Bh4 Qc7 12. Bg3 Qb6 13. Rc1 Ne4 14. Nxe4 dxe4 15. Qe2 Rad8 16. a3 Qa5+ 17. Rc3 Bd4 18. Qc2 Bxc3+ 19. bxc3 Nd4 20. Qc1 Nb3 21. Be5 Nxc1 0-1

[Event "Reykjavik op"]
[Site "Reykjavik"]
[Date "2014.03.10"]
[Round "8"]
[White "Jonasson, Hordur"]
[Black "Maggason, Oskar"]
[Result "1-0"]
[WhiteElo "1526"]
[BlackElo "1882"]
[PlyCount "107"]
[EventDate "2014.03.04"]
[EventType "swiss"]
[EventRounds "10"]
[EventCountry "ISL"]
[SourceTitle "CBM 159 Extra"]
[Source "ChessBase"]
[SourceDate "2014.04.24"]
[SourceVersion "1"]
[SourceVersionDate "2014.04.24"]
[SourceQuality "1"]

1. e4 e5 2. Nf3 Nc6 3. Bb5 Nf6 4. 0-0 Be7 5. Re1 d6 6. h3 Bd7 7. c3 a6 8. Ba4 b5 9. Bc2 0-0 10. d4 exd4 11. cxd4 Nb4 12. Bb3 d5 13. e5 Ne4 14. a3 Nc6 15. Bxd5 Ng5 16. Bxg5 Bxg5 17. Qc2 Nxd4 18. Nxd4 c6 19. Be4 Rc8 20. Bxh7+ Kh8 21. Bf5 Bxf5 22. Nxf5 Re8 23. Nd6 Qxd6 24. exd6 Rxe1+ 25. Kh2 Rce8 26. Qf5 Bf6 27. d7 Rd8 28. Ra2 Rd1 29. Nc3 R1xd7 30. Ne4 Rd5 31. Qf3 Be5+ 32. g3 Kg8 33. b4 f5 34. Nc5 a5 35. Re2 g6 36. Kg2 Kf7 37. Nb7 R8d7 38. Nxa5 Kf6 39. Nxc6 Bc7 40. Qc3+ Kg5 41. h4+ Kh6 42. Qh8+ Rh7 43. Qg8 Rdd7 44. Ne5 Rhg7 45. Qh8+ Rh7 46. Qf6 Bxe5 47. Rxe5 Rdf7 48. Qg5+ Kg7 49. Rxb5 f4 50. Qe5+ Kh6 51. gxf4 Rf5 52. Qe2 Rhf7 53. Rxf5 Rxf5 54. Kg3 1-0

[Event "Reykjavik op"]
[Site "Reykjavik"]
[Date "2013.02.25"]
[Round "8"]
[White "Kjartansson, Dagur"]
[Black "Maggason, Oskar"]
[Result "1-0"]
[WhiteElo "1623"]
[BlackElo "1903"]
[PlyCount "59"]
[EventDate "2013.02.19"]
[EventType "swiss"]
[EventRounds "10"]
[EventCountry "ISL"]
[SourceTitle "CBM 153 Extra"]
[Source "ChessBase"]
[SourceDate "2013.04.22"]
[SourceVersion "1"]
[SourceVersionDate "2013.04.22"]
[SourceQuality "1"]

1. c4 e5 2. Nc3 Nf6 3. g3 Bc5 4. Bg2 Nc6 5. e3 0-0 6. Nge2 d6 7. 0-0 Bg4 8. b3 Qd7 9. Bb2 Bh3 10. d4 Bb6 11. Na4 Bxg2 12. Kxg2 exd4 13. exd4 a6 14. Nxb6 cxb6 15. d5 Ne5 16. h3 b5 17. c5 Rfe8 18. f4 Neg4 19. hxg4 Nxg4 20. Bd4 Qf5 21. Rf3 dxc5 22. Bxc5 Rac8 23. Bf2 Qe4 24. Ng1 Rcd8 25. d6 Re6 26. d7 Re7 27. Rc1 Qe6 28. Rd3 Qe4+ 29. Qf3 Nxf2 30. Qxe4 1-0

[Event "Reykjavik op"]
[Site "Reykjavik"]
[Date "2013.02.24"]
[Round "7"]
[White "Maggason, Oskar"]
[Black "Raddatz, Michael"]
[Result "0-1"]
[WhiteElo "1903"]
[BlackElo "2075"]
[PlyCount "64"]
[EventDate "2013.02.19"]
[EventType "swiss"]
[EventRounds "10"]
[EventCountry "ISL"]
[SourceTitle "CBM 153 Extra"]
[Source "ChessBase"]
[SourceDate "2013.04.22"]
[SourceVersion "1"]
[SourceVersionDate "2013.04.22"]
[SourceQuality "1"]

1. d4 Nf6 2. c4 g6 3. Nf3 Bg7 4. Nc3 d5 5. e3 0-0 6. Bd3 a6 7. 0-0 dxc4 8. Bxc4 b5 9. Bb3 Bb7 10. Bd2 Nbd7 11. Rc1 Rc8 12. a4 b4 13. Ne2 a5 14. Ng3 c5 15. Qe2 Qb6 16. Rfd1 Ne8 17. Be1 Nd6 18. d5 Ba6 19. Bc4 Bxc4 20. Rxc4 Nxc4 21. Qxc4 Bxb2 22. e4 Qd6 23. Bd2 Nb6 24. Qc2 Bg7 25. Qc1 c4 26. Bf4 Qd7 27. Bh6 c3 28. Nh5 gxh5 29. Bxg7 c2 30. Ne5 cxd1Q+ 31. Qxd1 Qxa4 32. Qxa4 Rc1+ 0-1